[Event "Tula Suetin Memorial"]
[Site "Tula"]
[Date "2021.01.09"]
[Round "9"]
[White "Tishin, Petr"]
[Black "Chumachenko, Alexander"]
[Result "1/2-1/2"]
[WhiteElo "2406"]
[BlackElo "2047"]
[PlyCount "32"]
[EventDate "2021.01.03"]
[EventType "tourn"]
[EventRounds "9"]
[EventCountry "RUS"]
[EventCategory "2"]
[SourceTitle "CBM 200 Extra"]
[Source "ChessBase"]
[SourceDate "2021.03.31"]
[SourceVersion "1"]
[SourceVersionDate "2021.03.31"]
[SourceQuality "1"]

1. e4 c6 2. d4 d5 3. exd5 cxd5 4. c4 Nf6 5. Nc3 Nc6 6. Bg5 dxc4 7. d5 Ne5 8. Qd4 h6 9. Qxe5 hxg5 10. 0-0-0 Qd6 11. Nf3 Qxe5 12. Nxe5 Ng4 13. Nxg4 Bxg4 14. Rd4 Bd7 15. Bxc4 Rh4 16. Rxh4 gxh4 1/2-1/2

[Event "Tula Suetin Memorial"]
[Site "Tula"]
[Date "2021.01.07"]
[Round "6"]
[White "Chumachenko, Alexander"]
[Black "Moiseenko, Vladimir"]
[Result "1-0"]
[WhiteElo "2047"]
[BlackElo "2236"]
[PlyCount "38"]
[EventDate "2021.01.03"]
[EventType "tourn"]
[EventRounds "9"]
[EventCountry "RUS"]
[EventCategory "2"]
[SourceTitle "CBM 200 Extra"]
[Source "ChessBase"]
[SourceDate "2021.03.31"]
[SourceVersion "1"]
[SourceVersionDate "2021.03.31"]
[SourceQuality "1"]

1. d4 Nf6 2. c4 g6 3. Nc3 Bg7 4. e4 0-0 5. f3 c6 6. Bg5 h6 7. Be3 d5 8. e5 Nfd7 9. Qd2 e6 10. 0-0-0 Kh7 11. h4 c5 12. h5 g5 13. Nh3 cxd4 14. Nxg5+ hxg5 15. Bxg5 Qa5 16. Bd3+ Kh8 17. Bf6 Nxf6 18. h6 Ne4 19. hxg7+ Kg8 1-0

[Event "Tula Suetin Memorial"]
[Site "Tula"]
[Date "2021.01.03"]
[Round "1"]
[White "Chumachenko, Alexander"]
[Black "Pogosian, Manvel"]
[Result "0-1"]
[WhiteElo "2047"]
[BlackElo "2377"]
[PlyCount "82"]
[EventDate "2021.01.03"]
[EventType "tourn"]
[EventRounds "9"]
[EventCountry "RUS"]
[EventCategory "2"]
[SourceTitle "CBM 200 Extra"]
[Source "ChessBase"]
[SourceDate "2021.03.31"]
[SourceVersion "1"]
[SourceVersionDate "2021.03.31"]
[SourceQuality "1"]

1. d4 Nf6 2. c4 e6 3. Nc3 c5 4. d5 exd5 5. cxd5 g6 6. e4 d6 7. f3 Bg7 8. Bg5 0-0 9. Qd2 Re8 10. Nge2 a6 11. a4 Nbd7 12. Nd1 Rb8 13. Nec3 Ne5 14. Be2 Qa5 15. 0-0 b5 16. Nf2 b4 17. Ncd1 c4 18. f4 Ned7 19. e5 Qxd5 20. Qc2 dxe5 21. Bxc4 Qd4 22. Qb3 Rf8 23. fxe5 Nxe5 24. Be2 Be6 25. Qe3 Qxe3 26. Nxe3 a5 27. Rac1 Rbc8 28. Ba6 Rxc1 29. Rxc1 h6 30. Bxf6 Bxf6 31. Rc5 Nd7 32. Rc2 Bd4 33. Nc4 Nc5 34. Bb5 Ne4 35. Nxa5 b3 36. Re2 Nxf2 37. Nc6 Bc5 38. a5 Nd3+ 39. Kf1 Nb4 40. Ne5 Ra8 41. Nd3 Nxd3 0-1

[Event "Tula Poletov Memorial"]
[Site "Tula"]
[Date "2018.02.13"]
[Round "8"]
[White "Biriukov, Ilja"]
[Black "Chumachenko, Alexander"]
[Result "1/2-1/2"]
[WhiteElo "2416"]
[BlackElo "2082"]
[PlyCount "27"]
[EventDate "2018.02.09"]
[EventType "tourn"]
[EventRounds "9"]
[EventCountry "RUS"]
[EventCategory "3"]
[SourceTitle "CBM 182 Extra"]
[Source "ChessBase"]
[SourceDate "2018.02.23"]
[SourceVersion "1"]
[SourceVersionDate "2018.02.23"]
[SourceQuality "1"]

1. d4 Nf6 2. c4 g6 3. Nc3 Bg7 4. e4 d6 5. f4 0-0 6. Nf3 Na6 7. Be2 e5 8. dxe5 dxe5 9. Qxd8 Rxd8 10. Nxe5 Nc5 11. Bf3 Nfd7 12. Nxd7 Bxc3+ 13. bxc3 Bxd7 14. 0-0 1/2-1/2

[Event "Tula Poletov Memorial"]
[Site "Tula"]
[Date "2018.02.11"]
[Round "4"]
[White "Lingur, Zalina"]
[Black "Chumachenko, Alexander"]
[Result "0-1"]
[WhiteElo "2139"]
[BlackElo "2082"]
[PlyCount "148"]
[EventDate "2018.02.09"]
[EventType "tourn"]
[EventRounds "9"]
[EventCountry "RUS"]
[EventCategory "3"]
[SourceTitle "CBM 182 Extra"]
[Source "ChessBase"]
[SourceDate "2018.02.23"]
[SourceVersion "1"]
[SourceVersionDate "2018.02.23"]
[SourceQuality "1"]

1. e4 e5 2. Nf3 Nc6 3. Bb5 Nf6 4. 0-0 Nxe4 5. Re1 Nd6 6. Nxe5 Be7 7. Bf1 Nf5 8. Nf3 0-0 9. d4 d5 10. c3 Bd6 11. Nbd2 Nce7 12. Ne5 f6 13. Nd3 Ng6 14. g3 Re8 15. Bg2 c6 16. b3 Rxe1+ 17. Qxe1 Qe7 18. Bb2 Be6 19. c4 Re8 20. c5 Bc7 21. b4 Bf7 22. Qxe7 Rxe7 23. Bf1 a5 24. a3 Nf8 25. bxa5 Bxa5 26. Nb3 Bd8 27. a4 Bh5 28. a5 Bf3 29. a6 bxa6 30. Rxa6 Rb7 31. Nd2 Be4 32. Bc3 Bxd3 33. Bxd3 Ne7 34. Ra8 Rd7 35. Nb3 Kf7 36. f4 g6 37. Kf2 Ne6 38. Ke3 Rb7 39. Bc2 Bc7 40. Na5 Bxa5 41. Rxa5 Nc7 42. g4 Ke6 43. h4 f5 44. g5 Nc8 45. Ra1 Nb5 46. Bd2 Re7 47. Kd3 Kd7 48. Rh1 h5 49. gxh6 Rh7 50. Be1 Rxh6 51. Bf2 Ne7 52. Ba4 Nc7 53. Rb1 Rh8 54. Rh1 Ra8 55. Bb3 Ne6 56. Be3 Ng7 57. Kd2 Nh5 58. Rg1 Nf6 59. Kc2 Ng4 60. Bd2 Ng8 61. Kb2 N8f6 62. Ra1 Rxa1 63. Kxa1 Ne4 64. Be1 Ne3 65. Kb2 Ng2 66. Ba5 Nxf4 67. Kc2 Ng2 68. Kd3 Nxh4 69. Ke2 g5 70. Bd1 Ng6 71. Be1 Nf4+ 72. Kf3 Ne6 73. Ke3 g4 74. Bg3 Nxg3 0-1

[Event "Moscow op-A 14th"]
[Site "Moscow"]
[Date "2018.01.30"]
[Round "4"]
[White "Chumachenko, Alexander"]
[Black "Rozhkov, Viacheslav"]
[Result "0-1"]
[WhiteElo "2067"]
[BlackElo "2281"]
[PlyCount "122"]
[EventDate "2018.01.27"]
[EventType "swiss"]
[EventRounds "9"]
[EventCountry "RUS"]
[SourceTitle "CBM 182 Extra"]
[Source "ChessBase"]
[SourceDate "2018.02.23"]
[SourceVersion "1"]
[SourceVersionDate "2018.02.23"]
[SourceQuality "1"]

1. d4 d5 2. c4 e5 3. dxe5 d4 4. a3 Nc6 5. e3 Nge7 6. Nf3 Bg4 7. Be2 dxe3 8. Bxe3 Qxd1+ 9. Bxd1 0-0-0 10. h3 Bxf3 11. Bxf3 Nxe5 12. Be2 Nf5 13. Bg4 Nxg4 14. hxg4 Nxe3 15. fxe3 Bc5 16. Ke2 Rhe8 17. Rh3 Re4 18. Nc3 Rxc4 19. Rxh7 Rxg4 20. Kf3 Rg6 21. Rd1 Re8 22. Rd3 a5 23. Rh5 b6 24. Rf5 Rf8 25. Nd5 Re6 26. b4 axb4 27. axb4 Bd6 28. b5 g6 29. Rg5 Rh8 30. Rg4 Rh5 31. Rc4 Kb7 32. Rc6 Rf5+ 33. Ke2 Bg3 34. Rxe6 fxe6 35. Ne7 Rxb5 36. Nxg6 Rf5 37. e4 Rf2+ 38. Ke1 Rf3+ 39. Ke2 Rxd3 40. Kxd3 b5 41. Nf8 e5 42. Nd7 Kc6 43. Nf6 Kc5 44. Nd5 c6 45. Ne3 Kb4 46. Nf5 Bf4 47. Ne7 c5 48. Nd5+ Kb3 49. Nxf4 c4+ 50. Ke2 exf4 51. e5 c3 52. e6 c2 53. e7 c1Q 54. e8Q b4 55. Kf3 Qe3+ 56. Qxe3+ fxe3 57. g4 Kc2 58. g5 Kd3 59. g6 e2 60. g7 e1Q 61. g8Q Qf1+ 0-1

[Event "Moscow op-A 14th"]
[Site "Moscow"]
[Date "2018.01.29"]
[Round "3"]
[White "Sakulo, Denis"]
[Black "Chumachenko, Alexander"]
[Result "1/2-1/2"]
[WhiteElo "2323"]
[BlackElo "2067"]
[PlyCount "214"]
[EventDate "2018.01.27"]
[EventType "swiss"]
[EventRounds "9"]
[EventCountry "RUS"]
[SourceTitle "CBM 182 Extra"]
[Source "ChessBase"]
[SourceDate "2018.02.23"]
[SourceVersion "1"]
[SourceVersionDate "2018.02.23"]
[SourceQuality "1"]

1. d4 Nf6 2. Nf3 g6 3. g3 Bg7 4. Bg2 0-0 5. 0-0 d6 6. c4 Nc6 7. Nc3 a6 8. b3 Rb8 9. Nd5 e6 10. Nxf6+ Qxf6 11. Bb2 Qe7 12. Qd2 e5 13. dxe5 dxe5 14. Rad1 Bg4 15. Qe3 Rbd8 16. h3 Bf5 17. Nd2 h5 18. Nb1 Rxd1 19. Rxd1 Rd8 20. Rxd8+ Qxd8 21. Nc3 e4 22. Bxe4 Bxh3 23. Na4 Bxb2 24. Nxb2 Qf6 25. Nd3 Bf5 26. Bd5 Bxd3 27. exd3 Kg7 28. Qe8 Nd8 29. Be4 h4 30. gxh4 c6 31. Qd7 Qxh4 32. Kf1 Qg5 33. Qd4+ Kh7 34. Qd6 Kg7 35. f4 Qf6 36. Qxf6+ Kxf6 37. Ke2 Ke6 38. d4 f5 39. Bg2 Kd6 40. c5+ Ke6 41. Kd3 Kf6 42. d5 cxd5 43. Bxd5 g5 44. fxg5+ Kxg5 45. b4 Kg4 46. a4 f4 47. b5 axb5 48. axb5 Kg3 49. Ke2 Kg4 50. b6 Kg3 51. Kf1 f3 52. Bxb7 Nxb7 53. c6 Na5 54. c7 Nc4 55. c8Q Ne3+ 56. Ke1 f2+ 57. Kd2 f1Q 58. Qc7+ Kg2 59. Kxe3 Qe1+ 60. Kd4 Qb4+ 61. Kd5 Qb3+ 62. Kc6 Qf3+ 63. Kb5 Qb3+ 64. Ka6 Qa4+ 65. Kb7 Kg1 66. Qc6 Qf4 67. Ka7 Qe3 68. Qd6 Kf1 69. Qd5 Qe7+ 70. b7 Qa3+ 71. Kb6 Qe3+ 72. Qc5 Qe6+ 73. Qc6 Qe3+ 74. Kc7 Qg3+ 75. Qd6 Qc3+ 76. Kb8 Qe3 77. Qa6+ Kg2 78. Ka8 Qf3 79. Qg6+ Kh1 80. Qb1+ Kg2 81. Qb2+ Kh1 82. Qd4 Qa3+ 83. Kb8 Qf8+ 84. Kc7 Qf7+ 85. Kc6 Qg6+ 86. Qd6 Qc2+ 87. Kd7 Qf5+ 88. Kc7 Qf7+ 89. Kc8 Qc4+ 90. Kb8 Qg8+ 91. Ka7 Qa2+ 92. Kb6 Qb3+ 93. Ka7 Qa2+ 94. Qa6 Qf7 95. Qa1+ Kg2 96. Qb2+ Kh1 97. Qc1+ Kg2 98. Qd2+ Kh1 99. Qd3 Qa2+ 100. Kb6 Qe6+ 101. Kc5 Qe7+ 102. Kc6 Qf6+ 103. Kc7 Qf7+ 104. Qd7 Qf4+ 105. Kb6 Qf2+ 106. Kc6 Qf6+ 107. Kc5 Qc3+ 1/2-1/2

[Event "Tula Suetin Memorial"]
[Site "Tula"]
[Date "2018.01.07"]
[Round "7"]
[White "Kostin, Alexey"]
[Black "Chumachenko, Alexander"]
[Result "1-0"]
[WhiteElo "2282"]
[BlackElo "2067"]
[PlyCount "93"]
[EventDate "2018.01.03"]
[EventType "tourn"]
[EventRounds "9"]
[EventCountry "RUS"]
[SourceTitle "CBM 182 Extra"]
[Source "ChessBase"]
[SourceDate "2018.02.23"]
[SourceVersion "1"]
[SourceVersionDate "2018.02.23"]
[SourceQuality "1"]

1. e4 e5 2. f4 d5 3. exd5 exf4 4. Nf3 Nf6 5. Bc4 Nxd5 6. 0-0 Be6 7. Bb3 Bd6 8. c4 Ne7 9. d4 Ng6 10. Nc3 0-0 11. c5 Be7 12. Bxe6 fxe6 13. Qb3 Qd7 14. Qxb7 Nc6 15. Rd1 Rab8 16. Qa6 Nb4 17. Qe2 Nd5 18. Re1 Bf6 19. Qxe6+ Qxe6 20. Rxe6 Nb4 21. Re2 Rfd8 22. Rd2 Ne7 23. Ne4 Kf7 24. a3 Nbc6 25. Nxf6 Kxf6 26. b4 g5 27. Re2 Nf5 28. d5 Rxd5 29. Bb2+ Kf7 30. Nxg5+ Kg8 31. Ne6 Nfd4 32. Nxd4 Nxd4 33. Re7 a5 34. Rxc7 axb4 35. axb4 Nc2 36. Rg7+ Kf8 37. Rc1 Nxb4 38. Rxh7 Rb5 39. Ba3 Kg8 40. Re7 Nd3 41. Rd1 Rb3 42. c6 Rxa3 43. Rd7 Rc5 44. c7 Rac3 45. R1xd3 Rxd3 46. Rxd3 Rxc7 47. Kf2 1-0

[Event "Tula Suetin Memorial"]
[Site "Tula"]
[Date "2018.01.05"]
[Round "4"]
[White "Chumachenko, Alexander"]
[Black "Sadovsky, Artem"]
[Result "0-1"]
[WhiteElo "2067"]
[BlackElo "2407"]
[PlyCount "120"]
[EventDate "2018.01.03"]
[EventType "tourn"]
[EventRounds "9"]
[EventCountry "RUS"]
[SourceTitle "CBM 182 Extra"]
[Source "ChessBase"]
[SourceDate "2018.02.23"]
[SourceVersion "1"]
[SourceVersionDate "2018.02.23"]
[SourceQuality "1"]

1. d4 g6 2. c4 Bg7 3. e4 d6 4. f3 e5 5. Ne2 Nc6 6. Be3 f5 7. d5 Nce7 8. Nbc3 Bh6 9. Bxh6 Nxh6 10. Qd2 Nf7 11. 0-0-0 Bd7 12. Kb1 a5 13. Nc1 b6 14. Bd3 f4 15. Bc2 0-0 16. Ba4 Bc8 17. Nd3 g5 18. g4 Ng6 19. Ne1 Kg7 20. Ng2 Rh8 21. Bc6 Rb8 22. Nb5 h5 23. h3 Rh6 24. a3 Ba6 25. Na7 Qh8 26. Bd7 Ra8 27. Nb5 Bc8 28. Bf5 hxg4 29. fxg4 Rxh3 30. Rxh3 Qxh3 31. Nxc7 Rb8 32. Be6 Kf8 33. Nb5 Ba6 34. Bxf7 Kxf7 35. Nxd6+ Kf6 36. Rc1 Qxg4 37. Ne1 Qd7 38. Nf5 Rc8 39. c5 bxc5 40. Qxa5 Qb5 41. Qc3 Rb8 42. Rc2 g4 43. d6 f3 44. Qe3 Nf4 45. Qf2 Rh8 46. d7 Qxd7 47. Qxc5 Ne6 48. Qg1 Qd1+ 49. Ka2 Bd3 50. Qa7 Bxc2 51. Qe7+ Kg6 52. Qxe6+ Kg5 53. Nxc2 Qxc2 54. Nd6 Rh5 55. Qxe5+ Kh4 56. Qf4 Kh3 57. e5 Qg6 58. Ne4 Qe6+ 59. b3 Qxe5 60. Nf2+ Kg2 0-1

[Event "Tula Suetin Memorial"]
[Site "Tula"]
[Date "2018.01.03"]
[Round "1"]
[White "Chumachenko, Alexander"]
[Black "Bykov, Oleg1111"]
[Result "1/2-1/2"]
[WhiteElo "2067"]
[BlackElo "2327"]
[PlyCount "64"]
[EventDate "2018.01.03"]
[EventType "tourn"]
[EventRounds "9"]
[EventCountry "RUS"]
[SourceTitle "CBM 182 Extra"]
[Source "ChessBase"]
[SourceDate "2018.02.23"]
[SourceVersion "1"]
[SourceVersionDate "2018.02.23"]
[SourceQuality "1"]

1. d4 Nf6 2. c4 g6 3. Nc3 Bg7 4. e4 0-0 5. f3 d6 6. Be3 c5 7. dxc5 dxc5 8. Qxd8 Rxd8 9. Bxc5 Nc6 10. Nge2 Nd7 11. Be3 Nde5 12. Nf4 Na5 13. c5 Nac4 14. Bc1 Bd7 15. Nfd5 e6 16. Ne3 Nxe3 17. Bxe3 Be8 18. Rd1 Bf8 19. Be2 Rdc8 20. Kf2 Bxc5 21. Bxc5 Rxc5 22. Rd4 Nc6 23. Rd2 Kg7 24. Rhd1 Rc8 25. Nb5 e5 26. Nd6 Rb8 27. Bb5 Kf8 28. Rd5 Rc2+ 29. R1d2 Rxd2+ 30. Rxd2 Ke7 31. Nxe8 Kxe8 32. Bxc6+ bxc6 1/2-1/2

[Event "Kolomna op"]
[Site "Kolomna"]
[Date "2016.10.10"]
[Round "9.5"]
[White "Smirnov, Timofey"]
[Black "Chumachenko, Alexander"]
[Result "1-0"]
[WhiteElo "2319"]
[BlackElo "2106"]
[PlyCount "108"]
[EventDate "2016.10.05"]
[EventType "swiss"]
[EventRounds "9"]
[EventCountry "RUS"]
[SourceTitle "EXT 2018"]
[Source "ChessBase"]
[SourceDate "2017.10.13"]
[SourceVersion "1"]
[SourceVersionDate "2017.10.13"]
[SourceQuality "1"]

1. e4 d6 2. d4 Nf6 3. Nc3 e5 4. Nf3 Nbd7 5. Bc4 Be7 6. 0-0 0-0 7. Re1 c6 8. a4 b6 9. b3 a6 10. Bb2 Qc7 11. Qd2 Bb7 12. Bd3 Rfe8 13. Ne2 Bf8 14. Ng3 g6 15. c4 exd4 16. Nxd4 Bg7 17. Rac1 Ne5 18. Bb1 c5 19. Nde2 h5 20. Nc3 h4 21. Nge2 h3 22. f3 hxg2 23. Kxg2 Qd7 24. Ng3 Bc8 25. Qf2 Nh5 26. Kh1 Qh3 27. Rg1 Nf4 28. Rcd1 Bg4 29. fxg4 Nxg4 30. Qd2 Bd4 31. Rgf1 Be3 32. Qc2 Re5 33. Nd5 Rxd5 34. cxd5 Re8 35. Rf3 Rxe4 36. Rdf1 Bd2 37. Qxd2 Re2 38. R3f2 Nxf2+ 39. Rxf2 Rxd2 40. Rxd2 Qg4 41. Rf2 Qd1+ 42. Rf1 Qd2 43. Be4 Nh3 44. Bc1 Nf2+ 45. Kg1 Qc3 46. Kxf2 f5 47. Bf3 Qxb3 48. Bf4 Qb2+ 49. Ne2 Qf6 50. Rb1 g5 51. Bxg5 Qxg5 52. Rg1 Qxg1+ 53. Nxg1 b5 54. a5 Kg7 1-0

[Event "Kolomna op"]
[Site "Kolomna"]
[Date "2016.10.09"]
[Round "8.8"]
[White "Chumachenko, Alexander"]
[Black "Lysenko, Margarita"]
[Result "1/2-1/2"]
[WhiteElo "2106"]
[BlackElo "2094"]
[PlyCount "36"]
[EventDate "2016.10.05"]
[EventType "swiss"]
[EventRounds "9"]
[EventCountry "RUS"]
[SourceTitle "EXT 2018"]
[Source "ChessBase"]
[SourceDate "2017.10.13"]
[SourceVersion "1"]
[SourceVersionDate "2017.10.13"]
[SourceQuality "1"]

1. d4 d5 2. c4 c6 3. cxd5 cxd5 4. Bf4 Nc6 5. e3 Nf6 6. Nc3 Bf5 7. Nf3 e6 8. Bb5 Nd7 9. 0-0 Be7 10. Rc1 0-0 11. h3 Rc8 12. Qe2 a6 13. Bd3 Bxd3 14. Qxd3 f5 15. Ne2 h6 16. Qb3 b5 17. a4 Na5 18. Qd3 Qb6 1/2-1/2

[Event "Kolomna op"]
[Site "Kolomna"]
[Date "2016.10.09"]
[Round "7.9"]
[White "Sokolov, Nikita Dm"]
[Black "Chumachenko, Alexander"]
[Result "0-1"]
[WhiteElo "2103"]
[BlackElo "2106"]
[PlyCount "66"]
[EventDate "2016.10.05"]
[EventType "swiss"]
[EventRounds "9"]
[EventCountry "RUS"]
[SourceTitle "EXT 2018"]
[Source "ChessBase"]
[SourceDate "2017.10.13"]
[SourceVersion "1"]
[SourceVersionDate "2017.10.13"]
[SourceQuality "1"]

1. d4 Nf6 2. c4 c5 3. d5 e6 4. Nc3 exd5 5. cxd5 d6 6. Nf3 g6 7. Nd2 Bg7 8. Nc4 0-0 9. e4 Nxe4 10. Nxe4 Re8 11. Bd3 f5 12. Bf4 fxe4 13. Be2 Bf8 14. a4 Na6 15. Qd2 Nb4 16. h4 Qf6 17. 0-0-0 e3 18. fxe3 Qf5 19. Bd3 Qxd5 20. Na3 Bf5 21. Bxf5 Qxf5 22. Nc2 Rac8 23. Rhg1 Bg7 24. g4 Qe4 25. Qg2 Qc4 26. Rxd6 Qb3 27. Nxb4 cxb4+ 28. Kb1 Qxa4 29. Qd5+ Kh8 30. Qa2 Qc2+ 31. Ka1 b3 32. Qb1 Qc5 33. Qd1 Qa3+ 0-1

[Event "Kolomna op"]
[Site "Kolomna"]
[Date "2016.10.07"]
[Round "4.7"]
[White "Chumachenko, Alexander"]
[Black "Protopopova, Anastasiya"]
[Result "1/2-1/2"]
[WhiteElo "2106"]
[BlackElo "2082"]
[PlyCount "113"]
[EventDate "2016.10.05"]
[EventType "swiss"]
[EventRounds "9"]
[EventCountry "RUS"]
[SourceTitle "EXT 2018"]
[Source "ChessBase"]
[SourceDate "2017.10.13"]
[SourceVersion "1"]
[SourceVersionDate "2017.10.13"]
[SourceQuality "1"]

1. d4 Nf6 2. c4 e6 3. Nc3 Bb4 4. e3 c5 5. Nge2 cxd4 6. exd4 0-0 7. a3 Be7 8. Nf4 d5 9. cxd5 Nxd5 10. Nfxd5 exd5 11. Bd3 Be6 12. 0-0 Nc6 13. Be3 Bf6 14. Rc1 Re8 15. Bb5 Qb6 16. Bxc6 bxc6 17. Na4 Qb5 18. Rc5 Qb7 19. Qc2 Bd7 20. Rc3 Be7 21. Rc1 Bd6 22. Qd3 Qb8 23. h3 Qd8 24. Qd2 Re4 25. Bg5 f6 26. f3 Re6 27. Bf4 Bf8 28. Re1 Qe8 29. Rce3 Rxe3 30. Rxe3 Qg6 31. Kh2 Qf5 32. Bg3 h5 33. Nc5 Bxc5 34. dxc5 Re8 35. Rxe8+ Bxe8 36. b4 Kf7 37. Bd6 Qe6 38. Qd3 Kg8 39. a4 Qd7 40. Qa6 Kh7 41. Bb8 d4 42. Qd3+ Bg6 43. Qd2 d3 44. Bf4 a6 45. Qf2 Qd5 46. a5 Bf7 47. g3 g5 48. Bd2 Kg6 49. Qe3 Qf5 50. Bc3 Kh6 51. h4 Be6 52. hxg5+ fxg5 53. Kg1 Qd5 54. Bd2 Kg6 55. Kf2 Bf7 56. Qe7 g4 57. Qe3 1/2-1/2

[Event "Kolomna op"]
[Site "Kolomna"]
[Date "2013.10.04"]
[Round "9"]
[White "Odnorozhenko, Evgenyi"]
[Black "Chumachenko, Alexander"]
[Result "0-1"]
[WhiteElo "2270"]
[BlackElo "2109"]
[PlyCount "70"]
[EventDate "2013.09.29"]
[EventType "swiss"]
[EventRounds "9"]
[EventCountry "RUS"]
[SourceTitle "CBM 156 Extra"]
[Source "ChessBase"]
[SourceDate "2013.10.22"]
[SourceVersion "1"]
[SourceVersionDate "2013.10.22"]
[SourceQuality "1"]

1. d4 d5 2. c4 c6 3. Nc3 Nf6 4. e3 e6 5. Nf3 Nbd7 6. a4 Bd6 7. Bd3 dxc4 8. Bxc4 0-0 9. 0-0 Qe7 10. Qc2 e5 11. Bb3 h6 12. a5 e4 13. Nd2 Re8 14. f3 exf3 15. Nxf3 Nf8 16. Bd2 Be6 17. a6 b6 18. Bxe6 Qxe6 19. e4 Nxe4 20. Rae1 f5 21. Nxe4 fxe4 22. Ne5 c5 23. Rxe4 cxd4 24. Rfe1 Qd5 25. Nf3 Rac8 26. Qd3 Rxe4 27. Rxe4 Rd8 28. Nxd4 Bc5 29. Be3 Ne6 30. Rxe6 Qxe6 31. Nxe6 Rxd3 32. Bxc5 bxc5 33. Nxc5 Rd5 34. b4 Rd4 35. b5 Rb4 0-1

[Event "Kolomna op"]
[Site "Kolomna"]
[Date "2013.10.01"]
[Round "5"]
[White "Chumachenko, Alexander"]
[Black "Balashov, Yuri S"]
[Result "1-0"]
[WhiteElo "2109"]
[BlackElo "2435"]
[PlyCount "107"]
[EventDate "2013.09.29"]
[EventType "swiss"]
[EventRounds "9"]
[EventCountry "RUS"]
[SourceTitle "CBM 156 Extra"]
[Source "ChessBase"]
[SourceDate "2013.10.22"]
[SourceVersion "1"]
[SourceVersionDate "2013.10.22"]
[SourceQuality "1"]

1. d4 e6 2. c4 f5 3. Nf3 Nf6 4. g3 Be7 5. Bg2 0-0 6. 0-0 d5 7. b3 Nc6 8. Bb2 Bd7 9. Nc3 Be8 10. Ng5 Bf7 11. e3 Qd7 12. Nxf7 Rxf7 13. Qe2 a6 14. Rac1 Rd8 15. Na4 Ne4 16. f3 Nf6 17. Rfd1 Qe8 18. Nc3 Bf8 19. Rd2 Rfd7 20. f4 Bb4 21. Rdd1 Bxc3 22. Bxc3 Qg6 23. Bf3 Ne4 24. Kh1 Qh6 25. Rg1 Nf6 26. g4 fxg4 27. Bxg4 Nxg4 28. Rxg4 Ne7 29. e4 dxe4 30. d5 Nf5 31. Qxe4 Rf8 32. Qxe6+ Qxe6 33. dxe6 Rd3 34. Be5 Re8 35. Bxc7 Rxe6 36. Be5 Re7 37. Rg2 Red7 38. Re2 Nh4 39. Kg1 Kf7 40. c5 Kg6 41. Bd6 Nf5 42. Be5 Kh5 43. b4 Kg4 44. a4 Rb3 45. Rb2 Rdd3 46. Rcb1 Rxb2 47. Rxb2 Kf3 48. Rb1 Rd2 49. b5 axb5 50. axb5 Ke4 51. c6 Nh4 52. Rb4+ Kf3 53. Rb3+ Ke2 54. Rb2 1-0

[Event "Nezhmetdinov Memorial 35th"]
[Site "Kazan"]
[Date "2013.06.06"]
[Round "7"]
[White "Ovod, Evgenija"]
[Black "Chumachenko, Alexander"]
[Result "1-0"]
[WhiteElo "2387"]
[BlackElo "2119"]
[PlyCount "71"]
[EventDate "2013.05.31"]
[EventType "swiss"]
[EventRounds "9"]
[EventCountry "RUS"]
[SourceTitle "CBM 154 Extra"]
[Source "ChessBase"]
[SourceDate "2013.06.25"]
[SourceVersion "2"]
[SourceVersionDate "2013.06.25"]
[SourceQuality "1"]

1. d4 e6 2. c4 d5 3. Nc3 Nf6 4. Bg5 c6 5. e3 Nbd7 6. cxd5 exd5 7. Bd3 Be7 8. Qc2 Nh5 9. Bxe7 Qxe7 10. 0-0-0 Nb6 11. Kb1 Be6 12. f4 g6 13. Nf3 0-0-0 14. f5 gxf5 15. Bxf5 Ng7 16. Bd3 Kb8 17. Rhe1 Rc8 18. Qf2 Nf5 19. e4 dxe4 20. Nxe4 Qb4 21. Nc5 Na4 22. Qc2 Nxc5 23. dxc5 Ng7 24. Re4 Qa5 25. Ra4 Qc7 26. Qc3 Nf5 27. Qa3 b5 28. cxb6 Qe7 29. Rb4 Rhd8 30. bxa7+ Ka8 31. Rc1 Rxd3 32. Rb8+ Rxb8 33. axb8Q+ Kxb8 34. Qxd3 Nd6 35. Nd4 Qg5 36. Nxe6 1-0

[Event "Nezhmetdinov Memorial 35th"]
[Site "Kazan"]
[Date "2013.06.05"]
[Round "6"]
[White "Chumachenko, Alexander"]
[Black "Sadykov, Ramil"]
[Result "1-0"]
[WhiteElo "2119"]
[BlackElo "2250"]
[PlyCount "115"]
[EventDate "2013.05.31"]
[EventType "swiss"]
[EventRounds "9"]
[EventCountry "RUS"]
[SourceTitle "CBM 154 Extra"]
[Source "ChessBase"]
[SourceDate "2013.06.25"]
[SourceVersion "2"]
[SourceVersionDate "2013.06.25"]
[SourceQuality "1"]

1. d4 Nf6 2. c4 c5 3. d5 e6 4. Nc3 exd5 5. cxd5 d6 6. e4 g6 7. h3 Bg7 8. Nf3 0-0 9. Bd3 b5 10. Bxb5 Nxe4 11. Nxe4 Qa5+ 12. Nfd2 Qxb5 13. Nxd6 Qa6 14. N2c4 Nd7 15. 0-0 Ne5 16. Nxe5 Bxe5 17. Nxc8 Raxc8 18. Qf3 Rfd8 19. Re1 Qd6 20. Bg5 f6 21. Rxe5 Qxe5 22. Bxf6 Qxd5 23. Bxd8 Qxf3 24. gxf3 Rxd8 25. Rc1 Rd5 26. Rc4 Rd2 27. Rxc5 Rxb2 28. Rc8+ Kg7 29. Rc7+ Kf6 30. Rxa7 h5 31. Kg2 Rc2 32. a4 Ra2 33. a5 Ra3 34. a6 Ra4 35. Ra8 Ra3 36. a7 Kg7 37. f4 Kh7 38. f3 h4 39. Kf2 Kg7 40. Ke2 Ra2+ 41. Kd3 Ra3+ 42. Kc4 Ra4+ 43. Kb5 Ra3 44. f5 gxf5 45. Kc5 Ra5+ 46. Kd6 Ra6+ 47. Ke5 Ra5+ 48. Kf4 Ra3 49. Kg5 Kh7 50. Kxh4 Ra4+ 51. Kg5 Ra5 52. f4 Kg7 53. h4 Kh7 54. Kf6 Ra6+ 55. Kxf5 Ra5+ 56. Kg4 Kg7 57. f5 Ra1 58. f6+ 1-0

[Event "Nezhmetdinov Memorial 35th"]
[Site "Kazan"]
[Date "2013.06.04"]
[Round "5"]
[White "Vasiljev, Vasily"]
[Black "Chumachenko, Alexander"]
[Result "1/2-1/2"]
[WhiteElo "2202"]
[BlackElo "2119"]
[PlyCount "90"]
[EventDate "2013.05.31"]
[EventType "swiss"]
[EventRounds "9"]
[EventCountry "RUS"]
[SourceTitle "CBM 154 Extra"]
[Source "ChessBase"]
[SourceDate "2013.06.25"]
[SourceVersion "2"]
[SourceVersionDate "2013.06.25"]
[SourceQuality "1"]

1. e4 c5 2. Nf3 Nc6 3. d4 cxd4 4. Nxd4 Nf6 5. Nc3 e5 6. Ndb5 d6 7. Bg5 a6 8. Na3 b5 9. Bxf6 gxf6 10. Nd5 f5 11. c3 Bg7 12. exf5 Bxf5 13. Nc2 0-0 14. Nce3 Be6 15. Bd3 f5 16. 0-0 Ne7 17. Nxe7+ Qxe7 18. a4 d5 19. axb5 e4 20. Bc2 Rad8 21. Rxa6 f4 22. Ng4 f3 23. Ne3 fxg2 24. Nxg2 Rf3 25. Qd2 Bh3 26. Ra8 Rff8 27. Rxd8 Qxd8 28. Bb3 Be6 29. Rd1 Rf5 30. c4 d4 31. Qe2 Rg5 32. f4 Bg4 33. Qxe4 Bxd1 34. Bxd1 Rg6 35. c5 d3 36. Bb3+ Kh8 37. Bd5 d2 38. Qd3 Qa5 39. Bb3 Bxb2 40. Bd1 Qb4 41. c6 Qxf4 42. Qd8+ Kg7 43. Qd7+ Kh6 44. Qh3+ Kg7 45. Qd7+ Kh6 1/2-1/2

[Event "Nezhmetdinov Memorial 35th"]
[Site "Kazan"]
[Date "2013.06.01"]
[Round "2"]
[White "Chumachenko, Alexander"]
[Black "Kurninov, Andrei"]
[Result "1-0"]
[WhiteElo "2119"]
[BlackElo "1707"]
[PlyCount "59"]
[EventDate "2013.05.31"]
[EventType "swiss"]
[EventRounds "9"]
[EventCountry "RUS"]
[SourceTitle "CBM 154 Extra"]
[Source "ChessBase"]
[SourceDate "2013.06.25"]
[SourceVersion "2"]
[SourceVersionDate "2013.06.25"]
[SourceQuality "1"]

1. d4 Nf6 2. c4 c5 3. d5 e6 4. Nc3 exd5 5. cxd5 d6 6. Nf3 g6 7. h3 Bg7 8. e4 0-0 9. Bd3 a6 10. a4 Qc7 11. 0-0 Nbd7 12. Re1 Re8 13. Bf4 c4 14. Bf1 Nh5 15. Bh2 Ne5 16. Nxe5 Bxe5 17. Bxe5 Rxe5 18. Qd4 Qe7 19. Qxc4 f5 20. Ra3 Nf4 21. Re3 Bd7 22. Qb4 Be8 23. g3 a5 24. Qb6 Nh5 25. f4 Rxe4 26. Nxe4 fxe4 27. Qd4 Nf6 28. Bg2 Bd7 29. Bxe4 Bxh3 30. Bg2 1-0